| 000 | 00483nam a2200169 4500 | ||
|---|---|---|---|
| 003 | LK-CoMWRAF | ||
| 005 | 20240106152412.0 | ||
| 008 | 230905b2009 |||||||| |||| 00| 0 eng d | ||
| 020 | _a9789550165001 | ||
| 040 |
_aLK-CoMWRAF _dLK-CoMWRAF _eLK-CoMWRAF |
||
| 041 | _aeng | ||
| 082 | _bJEZ | ||
| 245 |
_aJezima : _bA collection of tributes to Deshabandu Jezima Ismail |
||
| 260 |
_aDehiwala : _bSri Lanka Muslim women's conference _c2009 |
||
| 700 |
_aRaheem, Yasmin _eed. |
||
| 942 | _cBK | ||
| 999 |
_c3414 _d3414 |
||